MDQL
is popping MORE tags! Check the
thread
!
Quizzes
Events
Quiz Creation
Community
Videos
Private Events
Remove Ads
Sign In
Join for FREE
Feedback
Dark Mode
Quiz Categories
Sports
Geography
Music
Movies
Television
Just For Fun
Miscellaneous
History
Literature
Language
Science
Gaming
Entertainment
Religion
Holiday
For Kids
Quiz Lab
Recent
Popular Today
Quiz Kudos Today
Editor Picks
Curator Picks
Quizzes by...
Day
Popularity
Type
Ratings
Length
Year
Community
Subscriptions
Recent Discussions
Orange Saloon
Badges
Playlists
Quests
Create
Leaderboards
Showdown
Live 5
Trivia Bingo
Activity
Puzzle Library
Sporcle Events
Private Events
Virtual Trivia
Globe League
Become a Host
Pub Owners
SporcleCon
Opinionation
Our Games
Videos
Blog
Mobile Apps
Partnerships
Remove Ads and Go Orange
Feedback
Movies
Disney
Marvel Cinematic Universe
Movie Resume
Movie Titles
Oscar
Actor
Actress
Director
Pixar
Role
Movie Quotes
Movie Characters
Box Office
Nominee
Best Picture
Star Wars
James Bond
Horror Movies
Movies
Disney
Marvel Cinematic Universe
Movie Resume
Movie Titles
Oscar
Actor
Actress
Director
Pixar
Role
Movie Quotes
Movie Characters
Box Office
Nominee
Best Picture
Star Wars
James Bond
Horror Movies
Random Quiz
Search Sporcle
×
Quiz Lab
Quiz Lab
Movies
Quote
Type in answers that appear in a list
Type in answers that appear in a list
Classic
Best Score? Go Orange.
Can you name the movie from the quote? Stats
Can you name the Can you name the movie from the quote??
By
NYGBossFan
6m
30 Questions
224 Plays
224 Plays
224 Plays
Comments
Comments
Give Quiz Kudos
Give Quiz Kudos
-
- Ratings
hide this ad
Replay
Link that replays current quiz
Next Quiz
Link to next quiz in quiz playlist
You Got
0%
They Got
Avg Score
27%
Avg Friend Score
Upgrade to see
Score Distribution
Jump to the score distribution portion of the page
Score
0/30
Timer
06:00
0
Plays Today
Quote
Movie
% Correct
My name is Maximus Decimus Meridius, commander of the Armies of the North, General of the Felix Legions, loyal servant to the true emperor, Marcus Aurelius. Father to a murdered so
Gladiator
86.6%
Of all the gin joints, in all the towns, in all the world, she walks into mine.
Casablanca
75.9%
Mrs. Robinson, you're trying to seduce me.
The Graduate
70.5%
I do wish we could chat longer, but... I'm having an old friend for dinner. Bye.
Silence of the Lambs
65.6%
Party time! Excellent!
Wayne's World
58.9%
Leave the gun. Take the cannoli.
The Godfather
56.3%
And, you know, the thing about a shark... he's got lifeless eyes. Black eyes. Like a doll's eyes.
Jaws
51.8%
I coulda been somebody, instead of a bum, which is what I am, let's face it.
On the Waterfront
41.5%
Daniel Simpson Day ... has no grade point average.
Animal House
41.1%
Danny isn't here, Mrs. Torrance.
The Shining
35.7%
He was not at all afraid to be killed in nasty ways, brave, brave, brave, brave Sir Robin. He was not in the least bit scared to be mashed into a pulp, or to have his eyes gouged o
Monty Python and the Holy Grail
30.4%
I'm not even going to swat that fly. I hope they are watching... they'll see. They'll see and they'll know, and they'll say, 'Why, she wouldn't even harm a fly...'
Psycho
27.2%
This? Why, I can make a hat or a brooch or a pterodactyl...
Airplane!
25.4%
So you stopped talking because of Friedrich Nietzsche? Far out.
Little Miss Sunshine
23.2%
Smelled like..... victory.
Apocalypse Now
22.3%
Quote
Movie
% Correct
I hate Illinois Nazis.....
The Blues Brothers
21.9%
My art has been commended as being strongly vaginal which bothers some men. The word itself makes some men uncomfortable. Vagina.
The Big Lebowski
19.6%
I can no longer sit back and allow Communist infiltration, Communist indoctrination, Communist subversion and the international Communist conspiracy to sap and impurify all of our
Dr. Strangelove
15.2%
But, Mrs. Mulwray, I goddamn near lost my nose. And I like it. I like breathing through it. And I still think you're hiding something.
Chinatown
14.3%
You betcha!
Fargo
13.4%
Hi, my name's Mae, and that's more than a name, that's an attitude.
A League of Their Own
10.7%
The light concealing cream goes on first. Then you blend, and blend, and blend. Blending is the secret.
Edward Scissorhands
6.7%
We have so much in common, we both love soup and snow peas, we love the outdoors, and talking and not talking. We could not talk or talk forever and still find things to not talk a
Best in Show
5.4%
Mr. Allnut! Mr. Allnut, you may come in out of the rain!
The African Queen
4%
Story of my life. I always get the fuzzy end of the lollipop.
Some Like it Hot
2.2%
Please God tell me that I’ve not inspired something burgundy. Red! Red! Red! Red is the color of sex. Burgundy is the color of hot water bottles. Red is the color of sex and fear
Kinky Boots
0.9%
The truth is: I'm an ordinary man. You might've told me that, Dryden.
Lawrence of Arabia
0.9%
I haven't lived. I've died a few times.
Harold and Maude
0.4%
Look, it's real nice that you hope my brother is feeling better, but I'm in danger, okay? I am very cute, very alone and very protective of my body. I don't want it violated or kil
Ferris Bueller’s Day Off
0%
What knockers!
Yound Frankenstein
0%
Quiz Playlist
Details
Report
Send in Message
Add To Playlist
Classic:
Type in answers that appear in a list
Last Updated: Feb 16, 2017
Quiz Scoreboard
CHALLENGE
Sign Up to Join the Scoreboard
Show All
Scores
Hide
Comments
May contain spoilers
Recently Published
Holiday 10x10 Sorting Gallery
by lukepisani3
Holiday
15m
Two Season TV Shows II
by 123Four
Television
10m
Image Sorting: Flags VI
by Barbecue
Geography
2m
More to Explore
Quiz From the Vault
Featured Blog Post
14 Easter Pick-up Lines to Find Eggs With
hide this ad
You Might Also Like...
Tags
Quote Quiz
Today's Top Quizzes in Movies
Browse Movies
hide this ad
Today's Top Quizzes in Quote
Browse Quote
Top Contributed Quizzes in Movies
1
The ultimate James Bond movie quiz
2
Find The 'Big' Movie
3
Find The 'Wild' Movie
4
Find The 'Blue' Movie
5
Movies By Plot
6
Hidden Star Wars Character II
7
Hidden Star Wars Character III
8
😉 2024 Oscar Nominees by Emoji
9
Hidden Star Wars Character IV
10
25 Best Actor Nominees (1990s)
Explore More
Trending Topics
Kpop
NBA
Disney
Anime
Crossword
Marvel
Harry Potter
Pokémon
Song
Puzzle
WWE
NFL
The Office
Soccer
Country
hide this ad
More By:
NYGBossFan
Quiz
Plays
Rating
Category
Featured
Created
Can you name the movie from the quote?
224
2.29
Movies
May 19, 2010
Go to Creator's Profile
Score Distribution
Quiz Creator Spotlight
NYGBossFan
Follow
Send a Message
Quizzes Created
-
Created Quiz Play Count
-
More By This Creator
Popular Quizzes Today
1
Find the US States - No Outlines Minefield
2
Colored Red Africa Blitz
3
Find the 'City' Movie
4
The Countries of the World
5
Find the US States
6
5x2 Blitz: Bands
7
Find the Countries of Europe - No Outlines Minefield
8
US States
More Movies Quizzes
Movie Word Quintets XIX
Published
Trending Quizzes
Colored Red Europe Blitz I
Colored Red Europe Blitz II
Colored Red Africa Blitz II
Colored Red Africa Blitz III
Colored Red Europe Blitz III
Recently Updated
Odd Team Out - Big 4 Players
pecheneg
Quick Pick: 20 Twenties
pecheneg
March Madness Men's Triple Doubles
pecheneg
How Do You Spell That?
pecheneg
Godzilla Movies
pecheneg
Grab Bag: 4-10 Letters
pecheneg
2024 March Madness Bracket
pecheneg
Famous TV Couples
Peacemaker
Champions League XIs: Real Madrid
pecheneg
Largest US Cities 1790-2010
pecheneg
Trending Topics
Disney
Harry Potter
Crossword
Kpop
NBA
Anime
Marvel
WWE
NFL
Song
The Office
Country
Pokémon
Soccer
Puzzle
Your Account Isn't Verified!
In order to create a playlist on Sporcle, you need to verify the email address you used during registration. Go to your
Sporcle Settings
to finish the process.
Report this User
Report this user for behavior that violates our
Community Guidelines
.
Details:
Send Report
Go to the Sporcle.com Mobile Site →
Comments